LEADER 00989nam0-2200313---450- 001 990009194890403321 005 20100607132541.0 010 $a978-88-95745-22-0 035 $a000919489 035 $aFED01000919489 035 $a(Aleph)000919489FED01 035 $a000919489 100 $a20100607d2009----km-y0itay50------ba 101 0 $aita 102 $aIT 105 $ay-------001yy 200 1 $aAlvise Foscari, capitano in golfo 1676-1678, capitano estraordinario dell galeazze 1690-1692$edispacci$fa cura di Fausto Sartori 210 $aVenezia$cLa Malcontenta$d2009 215 $a106 p.$d24 cm 676 $a945.31 702 1$aSartori,$bFausto 710 01$aVenezia$c$032791 801 0$aIT$bUNINA$gRICA$2UNIMARC 901 $aBK 912 $a990009194890403321 952 $a945.31 SAR 2$bBibl.58527$fFLFBC 959 $aFLFBC 996 $aAlvise Foscari, capitano in golfo 1676-1678, capitano estraordinario dell galeazze 1690-1692$9775311 997 $aUNINA LEADER 01293nam--2200385---450- 001 990003144690203316 005 20081022145425.0 010 $a978-88-503-2772-0 035 $a000314469 035 $aUSA01000314469 035 $a(ALEPH)000314469USA01 035 $a000314469 100 $a20080915h2008----km-y0itay50------ba 101 1 $aita$ceng 102 $aIT 105 $a||||||||001yy 200 1 $aSviluppare applicazioni Web 2.0 con PHP$e[creare mashup con PHP, Ajax, HTML e CSS, imparare a miscelare dati diversi in applicazioni potenti]$fQuentin Zervaas 210 $aMilano$cApogeo$dcopyr. 2008 215 $aXX, 532 p.$d24 cm 225 2 $aGuida completa 410 0$12001$aGuida completa 454 1$12001$aPractical Web 2.0 applications with PHP$926241 606 0 $aMicroelaboratori$xImpiego [del] Linguaggio PHP$2BNCF 606 0 $aSiti web$xProgrammazione 676 $a005.2762 700 1$aZERVAAS,$bQuentin$0447713 801 0$aIT$bsalbc$gISBD 912 $a990003144690203316 951 $a005.2762 ZER (c/o UGSIBA)$b20941 Ing.$c005$d00164085 959 $aBK 969 $aTEC 979 $aPAOLA$b90$c20080915$lUSA01$h1625 979 $aPATRY$b90$c20081022$lUSA01$h1454 996 $aPractical Web 2.0 applications with PHP$926241 997 $aUNISA